| 000 | 00391nam a2200157Ia 4500 | ||
|---|---|---|---|
| 005 | 20240823064327.0 | ||
| 008 | 240823s9999||||xx |||||||||||||| ||und|| | ||
| 082 | _A658.5 P4 | ||
| 100 | _a"Gaither,Norman" | ||
| 245 | 0 | _aOperations Management | |
| 260 |
_c2004 _b"Thompson,Aust" |
||
| 500 | _aYES | ||
| 650 |
_aManagement _bManagement Studies |
||
| 700 | _a" Frazier,Greg" | ||
| 942 | _cNB | ||
| 999 |
_c240439 _d240439 |
||